Роль профильного обучения в подготовке специалистов новой формации; Прогрессивные технологии и экономика в машиностроении; Т. 2

מידע ביבליוגרפי
Parent link:Прогрессивные технологии и экономика в машиностроении: труды II Всероссийской научно-практической конференции, 29-30 апреля 2004 года, Юрга/ Томский политехнический университет; Прогрессивные технологии и экономика в машиностроении; под ред. О. Ю. Ретюнского.— , 2004
Т. 2.— 2004.— С. 147-148
מחבר ראשי: Гиль Л. Б. Людмила Болеславна
מחברים אחרים: Тищенкова А. В. Анна Владимировна, Князева О. Г. Ольга Геннадьевна
שפה:רוסית
יצא לאור: 2004
נושאים:
פורמט: Book Chapter
KOHA link:https://koha.lib.tpu.ru/cgi-bin/koha/opac-detail.pl?biblionumber=216265

MARC

LEADER 00000naa2a2200000 4500
001 216265
005 20231225111625.0
035 |a (RuTPU)RU\TPU\book\236232 
090 |a 216265 
100 |a 20120522d2004 k y0rusy50 ca 
101 0 |a rus 
102 |a RU 
200 1 |a Роль профильного обучения в подготовке специалистов новой формации  |f Л. Б. Гиль, А. В. Тищенкова, О. Г. Князева 
461 0 |0 (RuTPU)RU\TPU\book\119005  |t Прогрессивные технологии и экономика в машиностроении  |o труды II Всероссийской научно-практической конференции, 29-30 апреля 2004 года, Юрга  |f Томский политехнический университет; Прогрессивные технологии и экономика в машиностроении; под ред. О. Ю. Ретюнского  |d 2004 
463 0 |0 (RuTPU)RU\TPU\book\164816  |t Т. 2  |v С. 147-148  |d 2004  |p 208 с. 
610 1 |a подготовка специалистов 
610 1 |a профильное обучение 
610 1 |a рыночная экономика 
610 1 |a труды учёных ТПУ 
700 1 |a Гиль  |b Л. Б.  |c математик  |c доцент Юргинского технологического института (филиала) Томского политехнического университета, кандидат педагогических наук  |f 1963-  |g Людмила Болеславна  |3 (RuTPU)RU\TPU\pers\24511  |9 10830 
701 1 |a Тищенкова  |b А. В.  |c российский учёный в области естественнонаучного образования  |c старший преподаватель Юргинского технологического института (филиал) Томского политехнического университета  |g Анна Владимировна  |3 (RuTPU)RU\TPU\pers\24530 
701 1 |a Князева  |b О. Г.  |c российский учёный в области естественнонаучного образования  |c старший преподаватель Юргинского технологического инстиута (филиал) Томский политехнический университет  |g Ольга Геннадьевна  |3 (RuTPU)RU\TPU\pers\24503 
801 1 |a RU  |b 63413507  |c 20120522 
942 |c BK